<The> Visit fees and its influence on overall health expenditures – the case of the Czech republic

Snaha o vyvinutie modelu dopytu po zdravotníckych službách, ktorý by vysvetľoval prečo sa dopyt a tým aj náklady na zdravotnú starostlivosť paradoxne zvyšujú zavedením poplatkov. Výskum na základe verejne dostupných údajov Českej republike.

Gespeichert in:
Bibliographische Detailangaben
1. Verfasser: Clark, J. Stephen
Weitere Verfasser: Dittrich, Ludwig O., Stará, Dana, Barták, Miroslav
Format: Buchkapitel
Sprache:Englisch
Schlagworte:
Tags: Tag hinzufügen
Keine Tags, Fügen Sie das erste Tag hinzu!

MARC

LEADER 00000naa a2200000 4500
001 0234398
005 20220719115540.8
041 0 |a eng 
044 |a CZ 
245 1 0 |a <The> Visit fees and its influence on overall health expenditures – the case of the Czech republic  |c J. Stephen Clark, Ludwig O. Dittrich, Dana Stará, Miroslav Barták 
520 |a Snaha o vyvinutie modelu dopytu po zdravotníckych službách, ktorý by vysvetľoval prečo sa dopyt a tým aj náklady na zdravotnú starostlivosť paradoxne zvyšujú zavedením poplatkov. Výskum na základe verejne dostupných údajov Českej republike. 
610 2 0 |a Česko 
610 2 0 |a poplatky 
610 2 0 |a starostlivosť zdravotná 
610 2 0 |a dopyt 
610 2 0 |a služby 
610 2 0 |a racionalizácia 
100 1 |a Clark, J. Stephen 
700 1 |a Dittrich, Ludwig O. 
700 1 |a Stará, Dana 
700 1 |a Barták, Miroslav